| 000 | 01250cam a2200397 i 4500 | ||
|---|---|---|---|
| 001 | 0000468 | ||
| 003 | DO-SdBPM | ||
| 005 | 20260529122423.0 | ||
| 007 | ta | ||
| 008 | 100514s 1997 sp a 000 f spa | ||
| 015 | _a | ||
| 017 |
_a _b |
||
| 020 | _a8434852748 | ||
| 035 | _a | ||
| 040 |
_aDO-SdBPM _bspa _cBPMSU _e rda |
||
| 080 | _a | ||
| 082 | 4 |
_a813.5 _b K44f 1997 _222 |
|
| 100 | 1 |
_aKeyes, Daniel _eautor _4aut. |
|
| 245 | 1 | 0 |
_aFlores para Algernon / _cDaniel Keyes ; ilustraciones Etienne Delessert ; traducción Paz Barroso |
| 264 |
_aMadrid : _bEdiciones SM, _c1997. |
||
| 300 |
_a88 páginas : _bilustraciones ; _c21 cm. |
||
| 336 |
_atexto _btxt _2rdacontent |
||
| 337 |
_asin mediación _bn _2rdemedia |
||
| 338 |
_avolumen _bnc _2rdacarrien |
||
| 490 | 0 |
_aEl barco de vapor, _v11 |
|
| 500 | _3A partir de 12 años. | ||
| 521 | _aA partir de 12 años. | ||
| 534 |
_pTítulo original. : _tFlowers for Algernon. |
||
| 590 | _aInventariado, 2026/VM | ||
| 650 | 7 | _aCuentos juveniles estadounidenses. | |
| 650 | 7 |
_aDeficiencia mental _vLiteratura juvenil. |
|
| 700 | 1 |
_aBarroso, Paz, _etraductor |
|
| 700 | 1 |
_aDelessert, Etienne, _eilustraciones |
|
| 910 | _a VMateo V. Control de calidad BPMSU | ||
| 942 |
_2ddc _cBK |
||
| 999 |
_c10656 _d10656 |
||